Time and social structure and other essays

Αποθηκεύτηκε σε:
Λεπτομέρειες βιβλιογραφικής εγγραφής
Κύριος συγγραφέας: Fortes, Meyer
Μορφή: Βιβλίο
Γλώσσα:English
Δημοσίευση: London : Athlone , 1970
Σειρά:London School of Economics monographs on social anthropology ; ; 40
Θέματα:
Ετικέτες: Προσθήκη ετικέτας
Δεν υπάρχουν, Καταχωρήστε ετικέτα πρώτοι!

MARC

LEADER 00000nam a2200000 i 4500
001 1/77400
008 960524s1970 eng d
035 |l 10004273 
040 |a GR-MY-UA  |b gre  |e aacr 
041 0 |a eng 
082 0 |a 306.09667 
100 1 |a Fortes, Meyer. 
245 1 0 |a Time and social structure and other essays /  |c Meyer Fortes 
260 |a London :   |b Athlone ,   |c 1970 
300 |a 287 p. 
490 1 |a London School of Economics monographs on social anthropology  |v ; 40 
650 0 0 |a Social structure  |x Ghana. 
650 0 0 |a Ethnology  |z Ghana. 
650 0 0 |a Ashanti (African people) 
650 0 0 |a Tallensi (African people) 
830 0 |a London School of Economics monographs on social anthropology ;  |v ; 40 
852 |a INST  |b LESVOS  |e 19960524  |h 306.09667 FOR  |p 005100003780  |q 005100003780  |t BK  |y 0 
852 |a INST  |b LESVOS  |e 19960524  |h 306.09667 FOR  |p 005100010283  |q 005100010283  |t BK  |y 0 
909 |a Λ  |b 005312